| 000 | 00515nam a22001817a 4500 | ||
|---|---|---|---|
| 003 | CEME | ||
| 005 | 20210628204002.0 | ||
| 008 | 210105b xxu||||| |||| 00| 0 eng d | ||
| 020 | _a9783540328254 | ||
| 040 | _c. | ||
| 082 | _a519 HAN | ||
| 100 |
_aVinzi, V.Esposito, Chin, W.W, Henseler, J _968142 |
||
| 245 | _aHandbook of partial least squares, concepts, methods and applications | ||
| 260 |
_aGERMANY _bSPRINGER _c2010 |
||
| 300 | _aXIV, 798P | ||
| 650 |
_aPARTIAL LEAST SQUARES. _968143 |
||
| 942 |
_cBK _2ddc |
||
| 999 |
_c575776 _d575776 |
||